| 000 | 00954nam a2200193 i 4500 | ||
|---|---|---|---|
| 001 | 166806 | ||
| 003 | ES-MaACL | ||
| 005 | 20230906213414.0 | ||
| 008 | 991020s1881 sp |||| | spa d | ||
| 040 |
_aCCPB | B _bspa _cCCPB | B |
||
| 100 | 1 |
_aUrraca y Guitiérrez, Pedro. _9133463 |
|
| 245 | 1 | 0 |
_aDiscurso inaugural leído en la solemne apertura del Curso Académico de 1881 á 1882 en la Universidad Literaria de Valladolid / _cpor Pedro Urraca y Gutierrez. |
| 260 |
_aValladolid : _b[s.n.], _c1881 ( _fEstablecimiento tipográfico de L. Garrido) |
||
| 300 |
_a26, [31] p. ; _c31 cm. |
||
| 505 | 8 | _aDatos estadísticos en el Curso Académico de 1880 á 1881, [31] p. | |
| 594 | _aTít. del discurso: Desarrollo intelectual e influencia que sobre él ejerce la educación. | ||
| 710 | 2 |
_aUniversidad Literaria de Valladolid. _97394 |
|
| 852 |
_aES-MaACL _jT-444-F-6 _z-- Enc. hol. _z-- Enc. en un vol. facticio _x-- Edic.: 26, [58] p., [6] h. pleg. |
||
| 999 |
_c166806 _d166806 |
||